Japonia. Polityka przemyslowa.
Japonská priemyselná politika, jej ciele a základy. Význam ekonomických analýz. Priemyselná politika proti hospodárskej praxi. Obdobie obnovy ekonomiky. Obdobie dynamického rozvoja. Kritéria pre podporu rozvoja. Obdobie po ropnej kríze. Záverečné zhrnutie.
Guardado en:
| Autor principal: | |
|---|---|
| Formato: | Capítulo de libro |
| Lenguaje: | polaco |
| Materias: | |
| Etiquetas: |
Sin Etiquetas, Sea el primero en etiquetar este registro!
|
MARC
| LEADER | 00000naa a2200000 4500 | ||
|---|---|---|---|
| 001 | r004616 | ||
| 005 | 20221125122845.5 | ||
| 041 | 0 | |a pol | |
| 044 | |a PL | ||
| 245 | 1 | 0 | |a Japonia. Polityka przemyslowa. |c J. Kotowicz |
| 520 | |a Japonská priemyselná politika, jej ciele a základy. Význam ekonomických analýz. Priemyselná politika proti hospodárskej praxi. Obdobie obnovy ekonomiky. Obdobie dynamického rozvoja. Kritéria pre podporu rozvoja. Obdobie po ropnej kríze. Záverečné zhrnutie. | ||
| 610 | 2 | 0 | |a politika priemyselná |
| 610 | 2 | 0 | |a Japonsko |
| 610 | 2 | 0 | |a rozvoj hospodársky |
| 610 | 2 | 0 | |a analýza ekonomická |
| 100 | 1 | |a Kotowicz, J. | |